LIBRARY ONLINE CATALOGUE

Strategic supply chain management : (Record no. 8898)

MARC details
000 -LEADER
fixed length control field 00697nam a22002172 4500
001 - CONTROL NUMBER
control field 0000019251
005 - DATE AND TIME OF LATEST TRANSACTION
control field 20151217152150.0
008 - FIXED-LENGTH DATA ELEMENTS--GENERAL INFORMATION
fixed length control field 101022s xx 000 0 eng d
020 ## - INTERNATIONAL STANDARD BOOK NUMBER
International Standard Book Number 0071432175 :
040 ## - CATALOGING SOURCE
Original cataloging agency KABU
Transcribing agency KABU
100 1# - MAIN ENTRY--PERSONAL NAME
Personal name Cohen, Shoshanan.
-- 0000178919
245 10 - TITLE STATEMENT
Title Strategic supply chain management :
Remainder of title the five disciplines for top performance /
Statement of responsibility, etc. Shoshanan Cohen, Joseph Roussel.
250 ## - EDITION STATEMENT
Edition statement 1st ed.
260 ## - PUBLICATION, DISTRIBUTION, ETC. (IMPRINT)
Place of publication, distribution, etc. New York :
Name of publisher, distributor, etc. McGraw-Hill,
Date of publication, distribution, etc. 2005.
300 ## - PHYSICAL DESCRIPTION
Extent xix, 316 p.
650 #0 - SUBJECT ADDED ENTRY--TOPICAL TERM
Topical term or geographic name as entry element Business logistics.
-- 0000148287
700 1# - ADDED ENTRY--PERSONAL NAME
Personal name Roussel, Joseph.
-- 0000178920
852 1# - LOCATION
-- p4355 KES
908 ## - PUT COMMAND PARAMETER (RLIN)
Put command parameter 101022
950 ## - LOCAL HOLDINGS (RLIN)
-- 1
Holdings
Withdrawn status Lost status Source of classification or shelving scheme Not for loan Home library Current library Date acquired Total Checkouts Full call number Barcode Date last seen Date last checked out Price effective from Koha item type
    Library of Congress Classification   Kabarak, Main Campus Kabarak, Main Campus 17/12/2015 2 HD38.5 .C64 2005 c. 1 23583 24/03/2026 04/03/2026 17/12/2015 General Collection